MARC

LEADER 00000nam0a2200000 4500
001 140162
005 20231101220834.0
010 |a 5020142875 
020 |a RU  |b 90-21635 
035 |a (RuTPU)RU\TPU\book\151833 
090 |a 140162 
100 |a 20080620d1990 m a0rusy5003 ca 
101 0 |a spa 
102 |a RU 
105 |a y a 001zy 
200 1 |a Механика разрушения: от теории к практике  |f В. З. Партон 
210 |a Москва  |c Наука  |d 1990 
215 |a 240 с.  |c ил. 
225 1 |a Проблемы науки и технического прогресса: ПНТП 
320 |a Библиография в конце книги. 
606 1 |a Разрушение, теория  |2 stltpush  |3 (RuTPU)RU\TPU\subj\23642  |9 48195 
610 1 |a физика 
610 1 |a теория 
610 1 |a практика 
610 1 |a механика разрушения 
610 1 |a прочность 
610 1 |a деформируемые твердые тела 
675 |a 539.4.01  |v 3 
700 1 |a Партон  |b В. З.  |g Владимир Залманович 
801 0 |a RU  |b RuMRKP  |c 19950417  |g psbo 
801 1 |a RU  |b 63413507  |c 20080620  |g PSBO 
801 2 |a RU  |b 63413507  |c 20181120  |g PSBO 
942 |c BK